000 00753nam a2200289Ia 4500
005 20260324112058.0
008 008 260324s9999 xx 000 0 eng d
020 _a9781003379065
037 _aEBOOK
040 _aCRL
040 _beng
040 _cCRL
041 _2eng
041 _aeng
084 _qCRL
100 _aJohn Burgess; Alan Nankervis; Subas P. Dhakal
_91141211
245 4 _aThe Future of Work in the Asia Pacific
245 0 _bAddressing Critical Skills Shortages for Sustainable Development
260 _bTaylor and Francis
260 _c2024
365 _a
365 _b240
856 _uhttp://www.taylorfrancis.com/books/9781003379065
942 _cEBOOK
999 _c1730269
_d1730269